The constitution of the Russian Federation (Record no. 4106)
[ view plain ]
| 000 -LEADER | |
|---|---|
| fixed length control field | 00417nam a2200145Ia 4500 |
| 008 - FIXED-LENGTH DATA ELEMENTS--GENERAL INFORMATION | |
| fixed length control field | 131103s9999 xx 000 0 und d |
| 040 ## - CATALOGING SOURCE | |
| Original cataloging agency | Loreto College |
| 041 ## - LANGUAGE CODE | |
| Language code | English |
| 082 ## - DDC | ডিউই | |
| Classification number | বর্গসংখ্যা | 342.947/CON |
| Book Number | গ্রন্থাঙ্ক | LCLIB/43677 |
| 100 ## - MAIN ENTRY--PERSONAL NAME | মুখ্য সংলেখ - ব্যাক্তিনাম | |
| Personal name | ব্যাক্তিনাম | West Bengal Political Science Association, Kolkata |
| 245 #4 - TITLE STATEMENT | অাখ্যা বিবরণী | |
| Title | অাখ্যা | The constitution of the Russian Federation |
| 700 ## - ADDED ENTRY--PERSONAL NAME | অতিরিক্ত সংলেখ - ব্ | |
| Personal name | ব্যাক্তিনাম | De, Swadhin, General Secretary |
| 850 ## - HOLDING INSTITUTION | |
| Holding institution | LCLIB |
| 942 ## - ADDED ENTRY ELEMENTS (KOHA) | |
| Koha item type | Books |
| Withdrawn status | Lost status | Damaged status | Not for loan | Home library | Current library | Date acquired | Total Checkouts | Full call number | Accession No. | Date last seen | Price effective from | Koha item type |
|---|---|---|---|---|---|---|---|---|---|---|---|---|
| Loreto College | Loreto College | 04/11/2013 | 342.947/CON LCLIB/43677 | B3974 | 05/05/2014 | 04/11/2013 | Books |